00445 2200181 4500001002100000005001700021008004100038020001800079035002500097041000700122082000800129090001400137100002100151245002000172260003300192300002100225700001700246INLIS0000000000037600:yyyyMMddHHmmss180719||||||||| | ||| |||| || |  a979-730-299-7 a0010-031300000003760 aid0 a813 a813 SOE p0 aYuliadi Soekardi00aPrabu Siliwangi aBandungbPustaka Setiac2004 a124 hal, 25.5 cm0 aU. Syahbudin